000 00329nam a2200145Ia 4500
005 20251222152008.0
008 251222s9999||||xx |||||||||||||| ||spa||
020 _a9972290964
082 _a636.296.6/S17
100 _aSalvá Ruiz, Bettit
245 0 _aCarne de Alpaca:
250 _a1ra.ed.
264 _bEUNSA
942 _cLIB
999 _c24812
_d24812